Economía internacional (Registro nro. 3820)

Detalles MARC
000 -LEADER
fixed length control field 02502 a2200277 4500
001 - CONTROL NUMBER
control field 44841
005 - DATE AND TIME OF LATEST TRANSACTION
control field 20260407155723.0
008 - FIXED-LENGTH DATA ELEMENTS--GENERAL INFORMATION
fixed length control field 260407a1995 arg spa d
003 - CONTROL NUMBER IDENTIFIER
control field AR-UNSa-BCEJYS
040 ## - CATALOGING SOURCE
Original cataloging agency AR-UNSa-BCEJYS
Language of cataloging spa
Transcribing agency AR-UNSa-BCEJYS
080 ## - UNIVERSAL DECIMAL CLASSIFICATION NUMBER
Universal Decimal Classification number 339.9
Common auxiliary subdivision Economía internacional en general. Relaciones económicas internacionales. Economía mundial
020 ## - INTERNATIONAL STANDARD BOOK NUMBER
International Standard Book Number 978-84-481-1694-1
041 ## - LANGUAGE CODE
Language code of text/sound track or separate title spa
100 1# - MAIN ENTRY--PERSONAL NAME
Personal name Krugman, Paul R.
245 10 - TITLE STATEMENT
Title Economía internacional
Name of part/section of a work teoría y política
250 ## - EDITION STATEMENT
Edition statement 3a. ed.
264 #1 - PRODUCTION, PUBLICATION, DISTRIBUTION, MANUFACTURE, AND COPYRIGHT NOTICE
Place of production, publication, distribution, manufacture Madrid :
Name of producer, publisher, distributor, manufacturer McGraw-Hill
Date of production, publication, distribution, manufacture, or copyright notice 1995
300 ## - PHYSICAL DESCRIPTION
Extent xxxii, 962 p.
Dimensions 24 cm.
505 ## - FORMATTED CONTENTS NOTE
Formatted contents note 1. Introducción - Parte I: Teoría del comercio internacional 2. Productividad del trabajo y ventaja comparativa: el modelo ricardiano – 3. Factores específicos y distribución de la renta – 4. Dotación de recursos y comercio: el modelo Heckscher-Ohlin – 5. El modelo estándar de comercio – 6. Economías de escala, competencia imperfecta y comercio internacional – 7. Los movimientos internacionales de factores – 8. Cuestiones de economía regional -- Parte II: 9. Los instrumentos de la política comercial – 10. La economía política de la política comercial – 11. La política comercial en los países en vías de desarrollo – 12. Política industrial en los países avanzados – Parte III: Los tipos de cambio y la macroeconomía de una economía abierta 13. La contabilidad nacional y la balanza de pagos – 14. Los tipos de cambio y el mercado de divisas: un enfoque de activos – 15. El dinero, los tipos de interés y los tipos de cambio – 16. El nivel de precios y el tipo de cambio a largo plazo – 17. El producto nacional y el tipo de cambio a corto plazo – 18. Los tipos de cambio fijos y la intervención en los mercados de divisas – Parte IV: La política macroeconómica internacional: 19. El sistema monetario internacional, 1870- 1973 – 20. La política macroeconómica y la coordinación con tipos de cambio flotantes – 21. Áreas monetarias óptimas y la experiencia europea – 22. El mercado global de capitales: funcionamiento y problemas de política económica – 23. Los países en vías de desarrollo: estabilización y reforma -
590 ## - LOCAL NOTE (RLIN)
Local note niveau_biblio:m niveau_hierar:0
700 1# - ADDED ENTRY--PERSONAL NAME
Personal name Obstfeld, Maurice
700 1# - ADDED ENTRY--PERSONAL NAME
Personal name Tugores Ques, Juan
700 1# - ADDED ENTRY--PERSONAL NAME
Personal name Bernardos, Gonzalo
856 41 - ELECTRONIC LOCATION AND ACCESS
Uniform Resource Identifier <a href="https://www.biblioeco.unsa.edu.ar/pmb/images/libros/L127000.jpg">https://www.biblioeco.unsa.edu.ar/pmb/images/libros/L127000.jpg</a>
Link text Imagen de portada
Electronic format type image/jpeg
942 ## - ADDED ENTRY ELEMENTS (KOHA)
Koha item type
Existencias
Withdrawn status Lost status Damaged status Not for loan Home library Current library Shelving location Date acquired Total checkouts Full call number Barcode Date last seen Price effective from Koha item type
        Biblioteca Prof. Eusebio Cleto del Rey Biblioteca Prof. Eusebio Cleto del Rey   07/04/2026   339.9 K94 3ed. L127000 07/04/2026 07/04/2026 Libro